| 000 | 01162cad a22002295a 4500 | ||
|---|---|---|---|
| 001 | L158722 | ||
| 008 | 150429s2013 xxk f 000 0 eng d | ||
| 035 | _a(Sirsi) u158722 | ||
| 041 | _aeng | ||
| 110 |
_aChartered Institute of Building _92134 |
||
| 245 |
_aComplex Project Contract _bContract Agreement _h[electronic resource] |
||
| 260 |
_aAscot _bCIOB _c2013 |
||
| 300 | _a8p. | ||
| 520 | _aContains details of the Project, the Parties and those consultants appointed to various positions by the employer. It also sets out the Contract Documents and the Contract Sum. It contains the specified Law of the Contract and the format for exaction as a Deed under English Law. If a different form of execution is intended from that provided, the execution pages can be substituted with others. | ||
| 520 | _aForms part of Contract for Complex Projects http://www.ciob.org/insight/contract-complex-projects | ||
| 650 | _aCONTRACT AGREEMENT | ||
| 651 | 4 | _aENGLAND AND WALES | |
| 690 | _aBUILT ENVIRONMENT | ||
| 856 | 4 | 0 |
_uhttps://www.ciob.org/sites/default/files/CPCAgreement-180613.pdf _hView this item at www.ciob.org |
| 942 | _n0 | ||
| 948 | _c20/03/1998 | ||
| 999 |
_c115477 _d115477 |
||